La Premsa comarcal : actes i debats del 25è aniversari de l'Associació Catalana de la Premsa Comarcal (1981 - 2006) / coordinació de contiguts: Pere Font actes i debats del 25è aniversari de l'Associació Catalana de la Premsa Comarcal (1981 - 2006) / coordinació de contiguts:
MARC
| LEADER | 00000nam a2200000Ia 4500 | ||
|---|---|---|---|
| 001 | 20008 | ||
| 008 | 160829s2007 xx 000 0 cat d | ||
| 020 | |a 978-84-393-7450-3 | ||
| 080 | |a O-1-141 | ||
| 245 | |a La Premsa comarcal : |b actes i debats del 25è aniversari de l'Associació Catalana de la Premsa Comarcal (1981 - 2006) / coordinació de contiguts: |b Pere Font | ||
| 260 | |a Barcelona : |b Generlitat de Catalunya. Departament de Presidència. Direcció General de Difusió Corporativa, |c 2007 | ||
| 300 | |a 162 p. : |b il. ; |c 24 cm | ||
| 490 | |a Lexikon. Papers ; 2 | ||
| 650 | |a Associació Catalana de la Premsa Comarcal |x Aniversaris, etc. |9 44249 | ||
| 650 | |a Premsa comarcal |x Catalunya |x Congressos |9 46180 | ||
| 700 | 1 | |a Font, Pere |q (Font Grassa) |e coordinador |9 37808 | |
| 700 | |a Catalunya. Direcció General de Difusió Corporativa |9 44251 | ||
| 710 | 2 | |a Associació Catalana de la Premsa Comarcal |9 54045 | |
| 901 | |a Arxiu | ||
| 942 | |n 1 |2 udc | ||
| 952 | |0 0 |1 0 |4 0 |6 O1141 |7 1 |9 51863 |a Arxiu |b Arxiu |d 2016-12-01 |l 0 |o O-1-141 |p 20008 |r 2016-12-01 00:00:00 |w 2016-12-01 |y ARXIU | ||
| 999 | |c 55709 |d 55709 | ||